[Event "Maikop Adygea Cup 74th"]
[Site "Maikop"]
[Date "2022.01.30"]
[Round "9"]
[White "Udovichenko, Nikolai"]
[Black "Abramov, Vitaly"]
[Result "1-0"]
[WhiteElo "2149"]
[BlackElo "2111"]
[PlyCount "57"]
[EventDate "2022.01.22"]
[EventType "swiss"]
[EventRounds "9"]
[EventCountry "RUS"]
[SourceTitle "EXT 2023"]
[Source "ChessBase"]
[SourceDate "2022.10.05"]
[SourceVersion "1"]
[SourceVersionDate "2022.10.05"]
[SourceQuality "1"]

1. e4 c5 2. Nc3 Nc6 3. g3 g6 4. Bg2 Bg7 5. d3 d6 6. f4 e6 7. Nf3 Nge7 8. 0-0 0-0 9. Ne2 Qb6 10. Kh1 Qc7 11. c3 Rb8 12. d4 cxd4 13. Nexd4 Nxd4 14. Nxd4 Bd7 15. Be3 a6 16. Qe2 b5 17. Rac1 Rfc8 18. Rfd1 Rd8 19. Qf2 Bc8 20. Nb3 Rd7 21. g4 h6 22. f5 exf5 23. gxf5 Nc6 24. f6 Bf8 25. Qh4 Kh7 26. Rd3 Ne5 27. Bxh6 g5 28. Bxg5+ Kg8 29. Rh3 1-0

[Event "Maikop Adygea Cup 74th"]
[Site "Maikop"]
[Date "2022.01.29"]
[Round "8"]
[White "Khatkhakumov, Adam"]
[Black "Abramov, Vitaly"]
[Result "1/2-1/2"]
[WhiteElo "1175"]
[BlackElo "2111"]
[PlyCount "81"]
[EventDate "2022.01.22"]
[EventType "swiss"]
[EventRounds "9"]
[EventCountry "RUS"]
[SourceTitle "EXT 2023"]
[Source "ChessBase"]
[SourceDate "2022.10.05"]
[SourceVersion "1"]
[SourceVersionDate "2022.10.05"]
[SourceQuality "1"]

1. e4 c5 2. d3 Nc6 3. Nd2 g6 4. g3 Bg7 5. Bg2 d6 6. Ngf3 e6 7. 0-0 Nge7 8. c3 b5 9. Re1 0-0 10. Nf1 Rb8 11. d4 cxd4 12. cxd4 d5 13. e5 Qb6 14. Be3 a5 15. Qd2 Ba6 16. h4 Nf5 17. Rad1 Nb4 18. a3 Nc6 19. N1h2 b4 20. g4 Nxe3 21. Qxe3 Ne7 22. g5 Nf5 23. Qd2 Rfc8 24. Ng4 Qd8 25. Nf6+ Bxf6 26. gxf6 Qf8 27. Ra1 Rc6 28. Bh3 Qh6 29. Bxf5 Qxd2 30. Nxd2 gxf5 31. Rec1 Rbc8 32. Nb3 a4 33. Rxc6 Rxc6 34. Nc5 b3 35. Nxa6 Rxa6 36. Rc1 Ra8 37. f4 h6 38. Kf2 Kh7 39. Rc7 Kg8 40. h5 Kf8 41. Rc3 1/2-1/2